| 000 | 00713cab a2200229 4500 | ||
|---|---|---|---|
| 001 | ABS49109 | ||
| 008 | 090401t1993 xxu||||| |||| 00| 0 eng d | ||
| 035 | _a(Sirsi) u70032 | ||
| 041 | _aeng | ||
| 100 | _aNdekugri, I. | ||
| 245 | _aTortious negligence in construction : past, present and future | ||
| 260 | _c1993 | ||
| 350 | _a0 | ||
| 490 |
_aConstruction Law Journal _v9(3) 1993, 175-192(10) |
||
| 520 | _aReviews the development of the law on tortious negligence in construction and examines the outstanding problems. | ||
| 650 | _aBUILDING DEFECTS | ||
| 650 | _aCASE LAW | ||
| 650 | _aTORTIOUS NEGLIGENCE | ||
| 690 | _aBUILT ENVIRONMENT-BUILDING PATHOLOGY | ||
| 942 | _n0 | ||
| 948 | _c04/03/1997 | ||
| 999 |
_c44052 _d44052 |
||